MDQL
is popping MORE tags! Check the
thread
!
Quizzes
Events
Quiz Creation
Community
Videos
Private Events
Remove Ads
Sign In
Join for FREE
Feedback
Dark Mode
Quiz Categories
Sports
Geography
Music
Movies
Television
Just For Fun
Miscellaneous
History
Literature
Language
Science
Gaming
Entertainment
Religion
Holiday
For Kids
Quiz Lab
Recent
Popular Today
Quiz Kudos Today
Editor Picks
Curator Picks
Quizzes by...
Day
Popularity
Type
Ratings
Length
Year
Community
Subscriptions
Recent Discussions
Orange Saloon
Badges
Playlists
Quests
Create
Leaderboards
Showdown
Live 5
Trivia Bingo
Activity
Puzzle Library
Sporcle Events
Private Events
Virtual Trivia
Globe League
Become a Host
Pub Owners
SporcleCon
Opinionation
Our Games
Videos
Blog
Mobile Apps
Partnerships
Remove Ads and Go Orange
Feedback
Music
Pop Music
The Beatles
Song
Album
Lyrics
Bands
Singers
Artist
Clip
Rock
Rap
Classical
Billboard
Country Music
Kpop
Taylor Swift
Music
Pop Music
The Beatles
Song
Album
Lyrics
Bands
Singers
Artist
Clip
Rock
Rap
Classical
Billboard
Country Music
Kpop
Taylor Swift
Random Quiz
Search Sporcle
×
Quiz Lab
Quiz Lab
Music
2015
Type in answers that appear in a list
Type in answers that appear in a list
Classic
Best Score? Go Orange.
Top 100 Music Videos of 2015 Stats
Can you name the Top 100 Music Videos of 2015?
By
timothyjajr
20m
100 Questions
54 Plays
54 Plays
54 Plays
Comments
Comments
Give Quiz Kudos
Give Quiz Kudos
-
- Ratings
hide this ad
Replay
Link that replays current quiz
Next Quiz
Link to next quiz in quiz playlist
You Got
0%
They Got
Avg Score
33%
Avg Friend Score
Upgrade to see
Score Distribution
Jump to the score distribution portion of the page
Score
0/100
Timer
20:00
0
Plays Today
Rank
Video
% Correct
1
Uptown Funk
90.7%
6
Hello
79.6%
9
Bad Blood
72.2%
12
Sugar
70.4%
26
See You Again
70.4%
5
Sorry
68.5%
61
Cheerleader
64.8%
18
Can't Feel My Face
63%
32
FourFiveSeconds
61.1%
34
Lean On
61.1%
10
The Hills
59.3%
21
Worth It
59.3%
4
Hotline Bling
57.4%
82
Fight Song
55.6%
31
Jealous
53.7%
39
Watch Me (Whip
53.7%
17
Shut Up and Dance
51.9%
27
Stitches
51.9%
28
Love Me Like You Do
51.9%
44
What Do You Mean?
51.9%
54
Take Me to Church
51.9%
30
Trap Queen
48.1%
16
I Really Like You
46.3%
19
Hey Mama
46.3%
35
Good for You
46.3%
23
Want to Want Me
44.4%
49
Thinking Out Loud
44.4%
14
Style
42.6%
78
Drag Me Down
42.6%
43
Earned It
40.7%
79
Ex's & Oh's
40.7%
15
Elastic Heart
38.9%
37
Where Are Ü Now
38.9%
45
Love Me Harder
38.9%
Rank
Video
% Correct
55
Wildest Dreams
38.9%
56
Centuries
38.9%
64
One Last Time
38.9%
87
Trouble
38.9%
36
Talking Body
37%
38
Cool for the Summer
37%
13
679
35.2%
48
Somebody
33.3%
50
G.D.F.R.
33.3%
63
Pretty Girls
33.3%
71
Uma Thurman
33.3%
96
How Deep is Your Love
33.3%
97
Black Magic
33.3%
3
Bitch Better Have My Money
31.5%
58
Lips Are Movin'
31.5%
59
Outside
31.5%
69
Chains
31.5%
53
Im Not the Only One
29.6%
2
Alright
27.8%
41
Jumpman
27.8%
57
Sledgehammer
27.8%
73
Focus
27.8%
7
Feelin' Myself
25.9%
88
I Want You to Know
25.9%
20
King Kunta
24.1%
25
Post to Be
24.1%
29
Ayo
24.1%
74
On My Mind
24.1%
90
Love Myself
24.1%
8
WTF (Where They From)
22.2%
42
Only
22.2%
52
Heroes (We Could Be)
22.2%
60
Girl Crush
22.2%
67
Bitch I'm Madonna
22.2%
Rank
Video
% Correct
77
The Heart Wants What It Wants
22.2%
86
My Way
22.2%
22
I Don't **** With You
20.4%
47
Run Away With Me
20.4%
70
CoCo
20.4%
83
I Don't Mind
20.4%
93
Geronimo
20.4%
98
Heartbeat Song
20.4%
80
Alive
18.5%
81
The Night is Still Young
18.5%
11
Energy
16.7%
65
All Eyes on You
16.7%
75
Only One
16.7%
76
You Know You Like It
16.7%
24
Sober
14.8%
46
All Hands On Deck
14.8%
62
Where Ya At
14.8%
68
Classic Man
14.8%
72
What Kind of Man
14.8%
51
Flex (Ooh, Ooh, Ooh)
13%
84
Pray to God
13%
92
Fun
13%
99
She Knows
13%
100
Ghost Town
13%
33
Living for Love
11.1%
89
Used to Love You
11.1%
95
Yoga
11.1%
66
Slow Motion
9.3%
91
This Summer's Gonna Hurt Like a ****
9.3%
94
American Oxygen
9.3%
40
Borders
7.4%
85
Masterpiece
7.4%
Quiz Playlist
Details
Report
Send in Message
Add To Playlist
Classic:
Type in answers that appear in a list
Last Updated: Feb 16, 2017
Quiz Scoreboard
CHALLENGE
Sign Up to Join the Scoreboard
Show All
Scores
Hide
Comments
May contain spoilers
Recently Published
Image Sorting: Flags VI
by Barbecue
Geography
2m
Find the 'City' Movie
by crazypaving
Movies
60s
Colored Red Africa Blitz
by spor1
Geography
45s
More to Explore
Quiz From the Vault
Featured Blog Post
14 Easter Pick-up Lines to Find Eggs With
hide this ad
You Might Also Like...
Tags
2015
Music Videos
Top 100
Today's Top Quizzes in Music
Browse Music
hide this ad
Today's Top Quizzes in 2015
Browse 2015
Top Contributed Quizzes in Music
1
5X2 Blitz: Bands II
2
5X2 Blitz: The Beatles
3
Taylor Swift All Songs (2024)
4
5X2 Blitz: Billboard
5
5X2 Blitz: Billboard II
6
5X2 Blitz: Album
7
5X2 Blitz: Rock
8
5X2 Blitz: Singers
9
Taylor Swift Logic Puzzle II
10
5X2 Blitz: Lyrics
Explore More
Trending Topics
Harry Potter
Marvel
Kpop
Anime
Disney
NBA
Crossword
Puzzle
Soccer
Pokémon
WWE
The Office
Song
Country
NFL
hide this ad
More By:
timothyjajr
Quiz
Plays
Rating
Category
Featured
Created
Top 100 Music Videos of 2017
344
Music
Jan 4, 2018
Top 100 Music Videos of 1983
201
Music
Jun 29, 2016
Top 100 Music Videos of 2016
200
Music
Dec 31, 2016
Top 100 Music Videos of 1984
158
4.50
Music
Jun 28, 2016
Top 100 Music Videos of 1992
124
5.00
Music
Jan 28, 2016
Go to Creator's Profile
Score Distribution
Quiz Creator Spotlight
timothyjajr
Follow
Send a Message
Quizzes Created
-
Created Quiz Play Count
-
More By This Creator
Popular Quizzes Today
1
Colored Red Africa Blitz
2
Find the US States - No Outlines Minefield
3
Find the 'City' Movie
4
5x2 Blitz: Bands
5
The Countries of the World
6
Find the US States
7
Find the Countries of Europe - No Outlines Minefield
8
US States
More Music Quizzes
Lyrics for Every Letter: Mystery Album VI
Published
Trending Quizzes
Colored Red Europe Blitz I
Colored Red Europe Blitz II
Colored Red Africa Blitz II
Colored Red Europe Blitz III
Colored Red Africa Blitz III
Recently Updated
How Do You Spell That?
pecheneg
Godzilla Movies
pecheneg
Grab Bag: 4-10 Letters
pecheneg
2024 March Madness Bracket
pecheneg
Famous TV Couples
Peacemaker
Champions League XIs: Real Madrid
pecheneg
Largest US Cities 1790-2010
pecheneg
Rides in Walt Disney World
pecheneg
Most Oscar Losses (Acting)
pecheneg
Beyoncé Albums
pecheneg
Trending Topics
Anime
Kpop
Marvel
Crossword
Disney
NBA
Harry Potter
Soccer
Puzzle
WWE
The Office
Country
Pokémon
NFL
Song
Your Account Isn't Verified!
In order to create a playlist on Sporcle, you need to verify the email address you used during registration. Go to your
Sporcle Settings
to finish the process.
Report this User
Report this user for behavior that violates our
Community Guidelines
.
Details:
Send Report
Go to the Sporcle.com Mobile Site →
Comments